[Event "2 IECC, Ohrid"]
[Site "Ohrid MKD"]
[Date "2001.06.13"]
[Round "12.40"]
[White "Fedorov, Alexei"]
[Black "Agrest, Evgenij"]
[Result "1-0"]
[WhiteElo "2590"]
[BlackElo "2532"]
[EventDate "2001.06.01"]
[PlyCount "153"]

1.e4 d6 2.d4 Nf6 3.Bd3 e5 4.c3 d5 5.dxe5 Nxe4 6.Nf3 Nc6 7.Nbd2 Nc5 8.Bb1 
Bg4 9.b4 Nd7 10.O-O Be7 11.Qa4 Nb6 12.Qc2 a6 13.Re1 Qd7 14.a3 Bh5 15.Nd4 
Nxd4 16.cxd4 Bg6 17.Qc3 Bxb1 18.Rxb1 O-O 19.Rb3 Rae8 20.f4 Bd8 21.h3 f5 
22.Kh2 Re6 23.Rg1 h5 24.Nf3 Nc4 25.Be3 Be7 26.Bf2 Qd8 27.Qe1 Nd6 28.Bh4 
Bxh4 29.Nxh4 Ne4 30.Nf3 Rc6 31.Qe3 Qd7 32.Rc1 Rxc1 33.Qxc1 Re8 34.Rb2 Re6 
35.Rc2 c6 36.a4 Kh7 37.Ng5+ Nxg5 38.fxg5 Qe7 39.Qd2 Kg8 40.Rb2 h4 41.Qf4 
Rg6 42.Qxh4 Qxg5 43.Qf2 f4 44.Rb3 Qf5 45.Rf3 Qe4 46.Qd2 b6 47.Qxf4 Qxf4+ 
48.Rxf4 c5 49.dxc5 bxc5 50.bxc5 Rc6 51.Kg3 Rxc5 52.Rb4 Kf7 53.Kf4 a5 54.
Rb7+ Ke6 55.Rb6+ Ke7 56.Kf5 d4 57.Rb7+ Kd8 58.Ke4 g5 59.Kxd4 Rc2 60.g4 Ra2
61.e6 Rxa4+ 62.Ke5 Ra3 63.Rh7 Rf3 64.Ra7 Rxh3 65.Rxa5 Rf3 66.Kd6 Rd3+ 67.
Rd5 Re3 68.Rxg5 Ra3 69.Ke5 Ke7 70.Rg7+ Kf8 71.Rf7+ Kg8 72.g5 Ra1 73.Rd7 
Kf8 74.g6 Re1+ 75.Kd5 Rd1+ 76.Kc4 Rg1 77.Rf7+ 1-0

[Event "2 IECC, Ohrid"]
[Site "Ohrid MKD"]
[Date "2001.06.13"]
[Round "12.41"]
[White "Goloshchapov, Alexander"]
[Black "Kobalia, Mikhail"]
[Result "0-1"]
[WhiteElo "2528"]
[BlackElo "2590"]
[EventDate "2001.06.01"]
[PlyCount "72"]

1.e4 c5 2.Nf3 d6 3.d4 cxd4 4.Nxd4 Nf6 5.Nc3 a6 6.Be2 e5 7.Nb3 Be7 8.Be3 
Be6 9.Nd5 Nxd5 10.exd5 Bf5 11.Qd2 a5 12.a4 Nd7 13.O-O O-O 14.Kh1 Qc7 15.c3
Bg6 16.f4 exf4 17.Bxf4 Nf6 18.Bd3 Qb6 19.Nd4 Nxd5 20.Bg3 Rad8 21.Bf2 Bxd3 
22.Qxd3 Qa6 23.Qf3 Nc7 24.Nf5 Bf6 25.Nh6+ Kh8 26.Bd4 Bxd4 27.Nxf7+ Kg8 28.
cxd4 Rde8 29.Rac1 Ne6 30.Qd5 Rxf7 31.Rxf7 Kxf7 32.Re1 Qc6 33.Qf5+ Kg8 34.
d5 Nd4 35.Qf2 Rxe1+ 36.Qxe1 Qc8 0-1

[Event "2 IECC, Ohrid"]
[Site "Ohrid MKD"]
[Date "2001.06.13"]
[Round "12.43"]
[White "Bischoff, Klaus"]
[Black "Epishin, Vladimir"]
[Result "1/2-1/2"]
[WhiteElo "2533"]
[BlackElo "2579"]
[EventDate "2001.06.01"]
[PlyCount "54"]

1.c4 Nf6 2.Nc3 e5 3.Nf3 Nc6 4.d3 Bb4 5.Bd2 O-O 6.e3 b6 7.Be2 Bb7 8.O-O d6 
9.a3 Bxc3 10.Bxc3 Ne7 11.Nd2 Ng6 12.b4 Qd7 13.Re1 Rfe8 14.Bb2 a6 15.Qc2 
Qg4 16.f3 Qe6 17.Ne4 Nxe4 18.dxe4 Ne7 19.Bd3 Rf8 20.c5 bxc5 21.bxc5 d5 22.
exd5 Bxd5 23.Qc3 f6 24.Bf1 e4 25.f4 Rab8 26.Rad1 Rb3 27.Qc1 c6 1/2-1/2

[Event "2 IECC, Ohrid"]
[Site "Ohrid MKD"]
[Date "2001.06.13"]
[Round "12.44"]
[White "Huzman, Alexander"]
[Black "Ekstrom, Roland"]
[Result "1-0"]
[WhiteElo "2578"]
[BlackElo "2492"]
[EventDate "2001.06.01"]
[PlyCount "95"]

1.d4 d5 2.c4 e6 3.Nc3 c6 4.e3 Bd6 5.Bd2 Nf6 6.Qc2 O-O 7.Nf3 Nbd7 8.O-O-O 
c5 9.cxd5 exd5 10.Ng5 h6 11.h4 Re8 12.Bd3 Nf8 13.dxc5 Bxc5 14.Nf3 Bg4 15.
Kb1 a6 16.Ne2 Rc8 17.Bc3 b5 18.Bf5 Bxf5 19.Qxf5 Ne4 20.Rxd5 Qb6 21.Ne5 
Nxc3+ 22.Nxc3 Rc7 23.Ne4 Qe6 24.Qxe6 Nxe6 25.Nxc5 Rxc5 26.Rhd1 Rc7 27.Rc1 
Rxc1+ 28.Kxc1 Rc8+ 29.Kd2 Nc5 30.f3 Na4 31.Nd3 Nb6 32.Rc5 Rd8 33.Ke2 Rd6 
34.b3 Kf8 35.e4 Nd7 36.Rc7 g5 37.hxg5 hxg5 38.Ke3 Ke8 39.Ra7 f6 40.Ra8+ 
Kf7 41.Nb4 Nc5 42.Ra7+ Kg6 43.Nd5 g4 44.b4 Nd7 45.Ne7+ Kh5 46.Nf5 Rd1 47.
Ke2 Rg1 48.fxg4+ 1-0

[Event "2 IECC, Ohrid"]
[Site "Ohrid MKD"]
[Date "2001.06.13"]
[Round "12.46"]
[White "Hulak, Krunoslav"]
[Black "Ermenkov, Evgeny"]
[Result "1-0"]
[WhiteElo "2564"]
[BlackElo "2478"]
[EventDate "2001.06.01"]
[PlyCount "99"]

1.d4 Nf6 2.c4 g6 3.g3 Bg7 4.Bg2 O-O 5.Nc3 d6 6.Nf3 c6 7.O-O Qa5 8.e4 e5 9.
h3 Nbd7 10.Re1 exd4 11.Nxd4 Re8 12.Rb1 Ne5 13.Bf1 Qc5 14.Nb3 Qb4 15.Kg2 
Be6 16.a3 Qb6 17.Be3 Qc7 18.Nd2 Rad8 19.f4 Ned7 20.Rc1 Qb8 21.Qf3 a6 22.
Qf2 b5 23.b3 bxc4 24.bxc4 Nc5 25.Bd4 Bc8 26.Bxc5 dxc5 27.Nf3 Nd7 28.e5 f5 
29.Na4 Qc7 30.Be2 Qa5 31.Bd1 Bf8 32.Rb1 Be7 33.Qb2 Nf8 34.Qb6 Qxb6 35.Nxb6
Rd3 36.Ba4 Be6 37.Bxc6 Red8 38.Nd5 Kf7 39.Rb7 Nd7 40.Nc7 Nf8 41.Bd5 h6 42.
Reb1 R8xd5 43.cxd5 Bxd5 44.Nxd5 Rxd5 45.Ra7 Ke8 46.Rb8+ Bd8 47.Rxa6 c4 48.
Rc8 Kd7 49.Rxc4 Ne6 50.Rcc6 1-0

[Event "2 IECC, Ohrid"]
[Site "Ohrid MKD"]
[Date "2001.06.13"]
[Round "12.52"]
[White "Sturua, Zurab"]
[Black "Acs, Peter"]
[Result "1-0"]
[WhiteElo "2600"]
[BlackElo "2509"]
[EventDate "2001.06.01"]
[PlyCount "77"]

1.d4 d5 2.c4 c6 3.Nf3 Nf6 4.Nc3 e6 5.Bg5 Nbd7 6.e3 Qa5 7.Nd2 Bb4 8.Qc2 O-O
9.Be2 e5 10.O-O exd4 11.Nb3 Qc7 12.exd4 dxc4 13.Bxc4 Ng4 14.g3 h6 15.Bd2 
Nb6 16.Be2 Qd8 17.Rad1 Nf6 18.Bc1 Nbd5 19.Bf3 Re8 20.a3 Bf8 21.Nc5 Nxc3 
22.Qxc3 Qb6 23.Rfe1 Bg4 24.Bxg4 Nxg4 25.Nd7 Qc7 26.Nxf8 Rxe1+ 27.Rxe1 Rxf8
28.d5 Qd6 29.dxc6 bxc6 30.Bf4 Qd5 31.h3 Nf6 32.Bxh6 Rb8 33.Bc1 Rb3 34.Qe5 
Qd3 35.Qe2 Qf5 36.Kg2 Qd5+ 37.Kh2 Rf3 38.Be3 Qf5 39.Kg2 1-0

[Event "2 IECC, Ohrid"]
[Site "Ohrid MKD"]
[Date "2001.06.13"]
[Round "12.53"]
[White "Georgiev, Vladimir"]
[Black "Roder, Matthias"]
[Result "0-1"]
[WhiteElo "2592"]
[BlackElo "2459"]
[EventDate "2001.06.01"]
[PlyCount "154"]

1.d4 Nf6 2.c4 g6 3.Nc3 Bg7 4.e4 d6 5.Bd3 Nc6 6.Nge2 Nd7 7.Be3 e5 8.d5 Nd4 
9.Rc1 c5 10.dxc6 bxc6 11.b4 Nf8 12.O-O Nfe6 13.Bb1 O-O 14.f4 Nxe2+ 15.Nxe2
exf4 16.Nxf4 a5 17.b5 Nxf4 18.Bxf4 cxb5 19.Bxd6 bxc4 20.Bxf8 Qxf8 21.a4 
Be6 22.Ba2 Be5 23.Qe2 Rc8 24.Rb1 Qa3 25.Kh1 Qxa4 26.Rb6 Qd7 27.Rfb1 a4 28.
Rb7 Qd8 29.R7b5 Qg5 30.Qf3 Qf4 31.Qxf4 Bxf4 32.g3 Bd2 33.Rb6 Kg7 34.Rb7 
Rc6 35.Rf1 h5 36.Kg2 Kh6 37.h4 Be3 38.Re1 Bd4 39.Rd1 Be5 40.Rf1 a3 41.Ra7 
Bb2 42.Rf2 Bd4 43.Rxa3 Bxf2 44.Kxf2 c3 45.Bxe6 fxe6 46.Ra1 c2 47.Rc1 Rc3 
48.e5 Kg7 49.Ke1 Rxg3 50.Rxc2 Re3+ 51.Kf2 Rxe5 52.Kf3 Kf6 53.Rc8 Ra5 54.
Rf8+ Kg7 55.Re8 Ra4 56.Rxe6 Rxh4 57.Kg3 Ra4 58.Rb6 Kh6 59.Rc6 h4+ 60.Kh3 
Kh5 61.Rc3 g5 62.Rc2 Ra3+ 63.Kh2 h3 64.Rc8 Kh4 65.Rc4+ g4 66.Rb4 Ra2+ 67.
Kh1 Re2 68.Kg1 Kg3 69.Rb1 Kf3 70.Ra1 g3 71.Ra3+ Kf4 72.Ra4+ Ke5 73.Ra1 Kd4
74.Ra4+ Kc5 75.Ra1 Kc4 76.Kh1 Kb3 77.Rb1+ Ka2 0-1

[Event "2 IECC, Ohrid"]
[Site "Ohrid MKD"]
[Date "2001.06.13"]
[Round "12.54"]
[White "Nijboer, Friso"]
[Black "Czebe, Attila"]
[Result "1-0"]
[WhiteElo "2580"]
[BlackElo "2502"]
[EventDate "2001.06.01"]
[PlyCount "81"]

1.e4 c5 2.Nf3 Nc6 3.d4 cxd4 4.Nxd4 Nf6 5.Nc3 e6 6.Ndb5 d6 7.Bf4 e5 8.Bg5 
a6 9.Na3 b5 10.Bxf6 gxf6 11.Nd5 f5 12.Bd3 Be6 13.O-O Bxd5 14.exd5 Ne7 15.
c3 Bg7 16.Qh5 e4 17.Bc2 Qc8 18.Rae1 O-O 19.Kh1 Ng6 20.Bb1 Re8 21.Nc2 f4 
22.Nb4 Re5 23.Qd1 Qc4 24.b3 Qxc3 25.Nc6 f3 26.Nxe5 fxg2+ 27.Kxg2 Bxe5 28.
Rxe4 f5 29.Re3 Qb4 30.Kh1 Qh4 31.f4 Bxf4 32.Re2 Rf8 33.Rg2 Qh6 34.Qe2 Kh8 
35.Rgf2 Qh4 36.Rf3 Qg5 37.Rxf4 Nxf4 38.Qb2+ Rf6 39.Rxf4 Qxf4 40.Qxf6+ Kg8 
41.Qxf5 1-0

[Event "2 IECC, Ohrid"]
[Site "Ohrid MKD"]
[Date "2001.06.13"]
[Round "12.57"]
[White "Gunnarsson, Jon Viktor"]
[Black "Turov, Maxim"]
[Result "1/2-1/2"]
[WhiteElo "2366"]
[BlackElo "2553"]
[EventDate "2001.06.01"]
[PlyCount "126"]

1.e4 c6 2.Nf3 d5 3.Nc3 Bg4 4.h3 Bh5 5.exd5 cxd5 6.Bb5+ Nc6 7.g4 Bg6 8.Ne5 
Rc8 9.d4 e6 10.h4 f6 11.Nxg6 hxg6 12.Qd3 Kf7 13.h5 gxh5 14.gxh5 Nge7 15.a3
Nf5 16.Be3 Na5 17.Ne2 a6 18.Ba4 b5 19.Bb3 Nxb3 20.Qxb3 Qc7 21.c3 Bd6 22.
O-O-O Bh2 23.Kb1 Nxe3 24.fxe3 Rxh5 25.Nf4 Rh6 26.Nd3 Rch8 27.Nc5 Bd6 28.
Rxh6 Rxh6 29.Nxa6 Qc4 30.Qc2 Rh2 31.Rd2 Qf1+ 32.Ka2 Rxd2 33.Qxd2 g5 34.Nb4
g4 35.Nd3 g3 36.Ne1 Qf2 37.Qd1 Ke7 38.Nd3 Qxe3 39.Qf1 g2 40.Qxg2 Qxd3 41.
Qg7+ Kd8 42.Qxf6+ Kd7 43.Qf7+ Be7 44.Qg8 Qc4+ 45.Kb1 Qf1+ 46.Kc2 Qf8 47.
Qg2 Bd6 48.Kb3 Kc6 49.Qg6 Qe7 50.Qg8 Kb6 51.Kc2 Bc7 52.Qg6 Qd6 53.Qf6 Ka5 
54.Kb3 e5 55.dxe5 Qxe5 56.Qc6 Qd6 57.Qb7 Qc5 58.Kc2 Qf2+ 59.Kb3 Qc5 60.Kc2
Qf2+ 61.Kb3 Bf4 62.Qxd5 Bc1 63.Qd8+ Ka6 1/2-1/2

[Event "2 IECC, Ohrid"]
[Site "Ohrid MKD"]
[Date "2001.06.13"]
[Round "12.58"]
[White "Bezgodov, Alexei"]
[Black "Stojanovski, Dejan"]
[Result "1/2-1/2"]
[WhiteElo "2543"]
[BlackElo "2351"]
[EventDate "2001.06.01"]
[PlyCount "69"]

1.e4 c5 2.Nf3 g6 3.c4 Nc6 4.d4 cxd4 5.Nxd4 Nf6 6.Nc3 d6 7.Nc2 Bg7 8.Be2 
O-O 9.O-O Nd7 10.Bd2 a5 11.Kh1 Nc5 12.f3 Bd7 13.Be1 a4 14.Qd2 f5 15.exf5 
gxf5 16.f4 Be6 17.Rb1 Bf7 18.Rf3 e5 19.Rg3 Ne6 20.Nd5 Bg6 21.Rh3 Nxf4 22.
Nxf4 exf4 23.Qxf4 Be5 24.Qf2 f4 25.Bd3 Qf6 26.Nb4 Nxb4 27.Bxb4 f3 28.Bxg6 
Qxg6 29.Rg1 fxg2+ 30.Qxg2 Qxg2+ 31.Rxg2+ Kh8 32.Rd2 Rf6 33.Re3 Rg8 34.Re1 
Rg4 35.b3 1/2-1/2

[Event "2 IECC, Ohrid"]
[Site "Ohrid MKD"]
[Date "2001.06.13"]
[Round "12.59"]
[White "Cyborowski, Lukasz"]
[Black "Gershon, Alik"]
[Result "0-1"]
[WhiteElo "2450"]
[BlackElo "2539"]
[EventDate "2001.06.01"]
[PlyCount "58"]

1.e4 c5 2.Nf3 Nc6 3.d4 cxd4 4.Nxd4 Nf6 5.Nc3 d6 6.Bc4 Qb6 7.Nb3 e6 8.O-O 
a6 9.Kh1 Be7 10.f4 Qc7 11.Bd3 b5 12.Qf3 Bb7 13.Be3 O-O 14.Rae1 Rfe8 15.Qh3
Nb4 16.a3 Nxd3 17.cxd3 Rac8 18.Rc1 Qb8 19.Na5 Ba8 20.b4 Bf8 21.Nb3 Nd7 22.
Nd4 g6 23.f5 exf5 24.exf5 Ne5 25.Bh6 Qa7 26.fxg6 hxg6 27.Bxf8 Qxd4 28.Ne4 
Bxe4 29.Rxc8 Nxd3 0-1

[Event "2 IECC, Ohrid"]
[Site "Ohrid MKD"]
[Date "2001.06.13"]
[Round "12.60"]
[White "Mchedlishvili, Mikheil"]
[Black "Slobodjan, Roman"]
[Result "1-0"]
[WhiteElo "2416"]
[BlackElo "2529"]
[EventDate "2001.06.01"]
[PlyCount "79"]

1.d4 Nf6 2.c4 c5 3.d5 b5 4.cxb5 a6 5.b6 d6 6.Nc3 Qxb6 7.Nf3 g6 8.e4 Nbd7 
9.Be2 Bg7 10.Nd2 O-O 11.Nc4 Qc7 12.Bf4 Nb6 13.Ne3 a5 14.a4 Ba6 15.Bxa6 
Rxa6 16.O-O Rb8 17.Rb1 Qb7 18.Qc2 Nbd7 19.Nb5 Ne8 20.b3 Nc7 21.Na3 Qc8 22.
Nec4 Nb6 23.Bd2 Nxc4 24.Nxc4 Rba8 25.Qd3 Bd4 26.Bc3 Bxc3 27.Qxc3 Qf8 28.
Rbd1 Qg7 29.Qg3 Rd8 30.Rfe1 Kf8 31.e5 dxe5 32.Nxe5 Ne8 33.Nc6 Rd6 34.Nxe7 
Qf6 35.Qe3 Ra8 36.Qe5 Kg7 37.Nc6 Rd7 38.Nxa5 Nd6 39.Nc4 Rc8 40.Nxd6 1-0

[Event "2 IECC, Ohrid"]
[Site "Ohrid MKD"]
[Date "2001.06.13"]
[Round "12.61"]
[White "Izoria, Zviad"]
[Black "Golod, Vitali"]
[Result "1/2-1/2"]
[WhiteElo "2489"]
[BlackElo "2593"]
[EventDate "2001.06.01"]
[PlyCount "87"]

1.Nf3 d5 2.d4 Nf6 3.c4 e6 4.Nc3 c5 5.cxd5 Nxd5 6.e3 Nc6 7.Bc4 cxd4 8.exd4 
Be7 9.O-O Nxc3 10.bxc3 O-O 11.Re1 b6 12.Bd3 Bb7 13.h4 Bxh4 14.Nxh4 Qxh4 
15.Re3 g6 16.Rg3 Qe7 17.Bg5 f6 18.Bh6 Rf7 19.Qh5 f5 20.Re1 Kh8 21.Qh3 Qd7 
22.Bc4 Re8 23.Bf4 Kg8 24.d5 exd5 25.Rxe8+ Qxe8 26.Bxd5 Nd8 27.Re3 Qa4 28.
Bxf7+ Nxf7 29.Qh4 Bc6 30.Rh3 h6 31.Qf6 Qd1+ 32.Kh2 Qg4 33.Qxc6 Qxf4+ 34.
Rg3 Ne5 35.Qa8+ Kf7 36.Qxa7+ Ke8 37.Qa8+ Kd7 38.Qb7+ Ke8 39.Qc8+ Ke7 40.
Qc7+ Ke8 41.Qb8+ Kd7 42.Qb7+ Ke8 43.Qa8+ Kd7 44.Qb7+ 1/2-1/2

[Event "2 IECC, Ohrid"]
[Site "Ohrid MKD"]
[Date "2001.06.13"]
[Round "12.64"]
[White "Rogic, Davor"]
[Black "Kruppa, Yuriy"]
[Result "1/2-1/2"]
[WhiteElo "2457"]
[BlackElo "2572"]
[EventDate "2001.06.01"]
[PlyCount "124"]

1.e4 e6 2.d4 d5 3.Nd2 c5 4.exd5 Qxd5 5.Ngf3 cxd4 6.Bc4 Qd6 7.O-O Nf6 8.Nb3
Nc6 9.Nbxd4 Nxd4 10.Nxd4 a6 11.Bb3 Qc7 12.Qf3 Bd6 13.Kh1 O-O 14.Bg5 Nd7 
15.c3 Ne5 16.Qh5 Ng6 17.Bc2 h6 18.Be3 Nf4 19.Qf3 Rb8 20.Rad1 b5 21.Nc6 Bb7
22.Bxf4 Bxf4 23.Qd3 g6 24.Nxb8 Rxb8 25.Rfe1 Qe7 26.Qh3 Qf6 27.Be4 Bg5 28.
Qg3 Bf4 29.Qf3 Bc8 30.Rd3 Kg7 31.g3 Bc7 32.Qxf6+ Kxf6 33.Kg2 Ke7 34.f4 Bd7
35.Red1 Be8 36.b3 a5 37.Rc1 Bd6 38.Rd2 Bc5 39.Rcc2 h5 40.Rd1 Bd6 41.c4 
bxc4 42.Rxc4 Bb5 43.Rc2 a4 44.Rb1 f5 45.bxa4 Bd3 46.Bxd3 Rxb1 47.a5 Rb4 
48.a6 Ra4 49.Kf3 e5 50.fxe5 Bxe5 51.Rc6 Ra3 52.Ke3 g5 53.Rh6 f4+ 54.Ke4 
fxg3 55.hxg3 Bxg3 56.Rxh5 g4 57.a7 Bf2 58.Rh7+ Kf6 59.Ba6 Bxa7 60.Rxa7 g3 
61.Ra8 Kg7 62.Ra7+ Kf6 1/2-1/2

[Event "2 IECC, Ohrid"]
[Site "Ohrid MKD"]
[Date "2001.06.13"]
[Round "12.66"]
[White "Blehm, Pawel"]
[Black "Fedorchuk, Serhii"]
[Result "1/2-1/2"]
[WhiteElo "2530"]
[BlackElo "2528"]
[EventDate "2001.06.01"]
[PlyCount "29"]

1.e4 e5 2.Nf3 Nc6 3.Bb5 a6 4.Ba4 Nf6 5.O-O b5 6.Bb3 Bc5 7.a4 Rb8 8.c3 d6 
9.d4 Bb6 10.a5 Ba7 11.h3 O-O 12.Re1 h6 13.Be3 exd4 14.cxd4 Ne7 15.Nbd2 
1/2-1/2

[Event "2 IECC, Ohrid"]
[Site "Ohrid MKD"]
[Date "2001.06.13"]
[Round "12.68"]
[White "Guliev, Sarhan"]
[Black "Miton, Kamil"]
[Result "1/2-1/2"]
[WhiteElo "2528"]
[BlackElo "2497"]
[EventDate "2001.06.01"]
[PlyCount "75"]

1.d4 d5 2.c4 c6 3.Nf3 Nf6 4.Nc3 dxc4 5.e4 b5 6.e5 Nd5 7.a4 e6 8.axb5 Nxc3 
9.bxc3 cxb5 10.Ng5 Bb7 11.Qh5 g6 12.Qg4 Be7 13.Be2 Nd7 14.Bf3 h5 15.Qg3 
Bxg5 16.Bxb7 Bxc1 17.Bxa8 Qxa8 18.Rxc1 Nb6 19.O-O Nd5 20.f4 a5 21.Qf3 Ke7 
22.g3 Rc8 23.Ra1 Qa7 24.Rf2 Qb6 25.Rfa2 b4 26.Rxa5 bxc3 27.Qf2 Rb8 28.f5 
gxf5 29.Rxd5 exd5 30.Qe3 c2 31.Rc1 f4 32.Qxf4 Qg6 33.Rxc2 Qxc2 34.Qf6+ Kf8
35.Qh6+ Ke7 36.Qf6+ Ke8 37.Qh8+ Ke7 38.Qf6+ 1/2-1/2

[Event "2 IECC, Ohrid"]
[Site "Ohrid MKD"]
[Date "2001.06.13"]
[Round "12.70"]
[White "Burmakin, Vladimir"]
[Black "Podgaets, Mikhail"]
[Result "1-0"]
[WhiteElo "2522"]
[BlackElo "2477"]
[EventDate "2001.06.01"]
[PlyCount "119"]

1.d4 Nf6 2.Nf3 e6 3.c4 b6 4.g3 Ba6 5.b3 Bb4+ 6.Bd2 Be7 7.Bg2 c6 8.Bc3 d5 
9.Nbd2 Nbd7 10.O-O O-O 11.Re1 c5 12.e4 dxe4 13.Ng5 cxd4 14.Bxd4 Qc7 15.
Ndxe4 Rad8 16.Qc2 Nxe4 17.Nxe4 Bb7 18.Rad1 b5 19.Qc3 b4 20.Qe3 e5 21.Bb2 
Bc6 22.Nd2 Bxg2 23.Kxg2 f6 24.Qf3 Kh8 25.Nf1 Nc5 26.Qe2 e4 27.Ne3 Nd3 28.
Rf1 Qa5 29.Ba1 Qg5 30.Nd5 Bc5 31.Qxe4 Nxf2 32.Rxf2 Bxf2 33.Kxf2 Qh5 34.Rh1
Rfe8 35.Qd3 Re6 36.Bd4 Qf7 37.Re1 Rde8 38.Rxe6 Qxe6 39.Be3 Qh3 40.Kg1 Qd7 
41.Kg2 a5 42.Bf2 h5 43.Qf3 h4 44.g4 h3+ 45.Qxh3+ Kg8 46.Qf3 Re5 47.Bg3 Re6
48.Kf1 Qb7 49.h4 a4 50.h5 axb3 51.axb3 Qa6 52.Nxb4 Qa1+ 53.Kg2 Qb2+ 54.Bf2
Re2 55.Nd5 Qe5 56.h6 Rb2 57.hxg7 Kxg7 58.b4 Rc2 59.Ne3 Rd2 60.b5 1-0

[Event "2 IECC, Ohrid"]
[Site "Ohrid MKD"]
[Date "2001.06.13"]
[Round "12.71"]
[White "Wells, Peter"]
[Black "Azarov, Sergei"]
[Result "1-0"]
[WhiteElo "2522"]
[BlackElo "2452"]
[EventDate "2001.06.01"]
[PlyCount "63"]

1.e4 e5 2.Nf3 Nc6 3.d4 exd4 4.Nxd4 Bc5 5.Be3 Qf6 6.c3 Nge7 7.Bc4 b6 8.Qd2 
O-O 9.b4 Bxd4 10.cxd4 Qg6 11.Nc3 d5 12.Nxd5 Qxg2 13.O-O-O Qxe4 14.Nc3 Qf5 
15.Rhg1 Nxb4 16.Rg5 Qf6 17.Ne4 Qc6 18.Qxb4 Qxe4 19.Re5 Qc6 20.d5 Nxd5 21.
Rexd5 Ba6 22.R1d4 Bb7 23.Rf5 Ba6 24.Qc3 Bxc4 25.Rxc4 Qd7 26.Rg5 g6 27.Rxc7
Qh3 28.Qf6 Rad8 29.Bd4 Rxd4 30.Qxd4 Qxh2 31.Rc2 Qh3 32.Kb2 1-0

[Event "2 IECC, Ohrid"]
[Site "Ohrid MKD"]
[Date "2001.06.13"]
[Round "12.73"]
[White "Efimenko, Zahar"]
[Black "Rabiega, Robert"]
[Result "1-0"]
[WhiteElo "2439"]
[BlackElo "2517"]
[EventDate "2001.06.01"]
[PlyCount "87"]

1.e4 e5 2.Nf3 Nc6 3.Bb5 Nf6 4.O-O Bc5 5.c3 O-O 6.d4 Bb6 7.Bg5 h6 8.Bh4 d6 
9.Qd3 Qe7 10.Re1 Nb8 11.Nbd2 c6 12.Ba4 Nbd7 13.Nc4 Bc7 14.Ne3 Re8 15.Bb3 
Qf8 16.Bxf6 Nxf6 17.Nh4 Kh8 18.d5 c5 19.Ba4 Rd8 20.Rac1 a6 21.c4 Nh5 22.g3
Ba5 23.Rf1 Bh3 24.Neg2 Qe7 25.Bd1 Nf6 26.Bf3 b5 27.cxb5 axb5 28.Qxb5 Rdb8 
29.Qe2 Rb4 30.Rc4 Qb7 31.b3 Rxc4 32.Qxc4 Qb4 33.Rc1 Qxc4 34.Rxc4 Bb4 35.a4
Rb8 36.Ne3 Bd2 37.Bd1 g6 38.Nf3 Bb4 39.Nc2 Ba5 40.Na3 Bc8 41.Nb5 Rb6 42.
Nxd6 Rxd6 43.Rxc5 Nxe4 44.Rxa5 1-0

[Event "2 IECC, Ohrid"]
[Site "Ohrid MKD"]
[Date "2001.06.13"]
[Round "12.77"]
[White "Kuzmin, Gennady"]
[Black "Jacimovic, Dragoljub"]
[Result "1/2-1/2"]
[WhiteElo "2582"]
[BlackElo "2504"]
[EventDate "2001.06.01"]
[PlyCount "101"]

1.e4 e6 2.d4 d5 3.Nc3 Nf6 4.Qd3 dxe4 5.Nxe4 Nxe4 6.Qxe4 Qd5 7.Bd3 Bd7 8.
Qxd5 exd5 9.Bf4 Nc6 10.c3 O-O-O 11.O-O-O h6 12.h4 Be7 13.Ne2 g5 14.hxg5 
hxg5 15.Be3 f6 16.Ng3 Bd6 17.Nf5 Bxf5 18.Bxf5+ Kb8 19.g3 Ne7 20.Bh7 c6 21.
Rh3 Kc7 22.Rdh1 Rdf8 23.Bd3 Rxh3 24.Rxh3 Rf7 25.Rh5 Kd7 26.Kd1 g4 27.Rh4 
f5 28.Ke2 Ng6 29.Rh5 Ne7 30.Rg5 Ke6 31.b3 Rf8 32.Rh5 f4 33.gxf4 Bxf4 34.
Bxf4 Rxf4 35.Rh8 Kd7 36.a4 a6 37.b4 Kd6 38.Rh6+ Kc7 39.Rh2 Kd6 40.b5 axb5 
41.axb5 cxb5 42.Bxb5 Nf5 43.Rh7 Re4+ 44.Kd2 Rf4 45.Ke2 Re4+ 46.Kf1 Rf4 47.
Kg2 Rf3 48.Rh5 Ng7 49.Rh6+ Ke7 50.Be2 Rxc3 51.Bxg4 1/2-1/2

[Event "2 IECC, Ohrid"]
[Site "Ohrid MKD"]
[Date "2001.06.13"]
[Round "12.78"]
[White "Narciso Dublan, Marc"]
[Black "Mrva, Martin"]
[Result "1-0"]
[WhiteElo "2544"]
[BlackElo "2479"]
[EventDate "2001.06.01"]
[PlyCount "113"]

1.c4 Nf6 2.g3 g6 3.Bg2 Bg7 4.Nc3 O-O 5.e4 c5 6.Nge2 Nc6 7.d3 d6 8.O-O Ne8 
9.Be3 Nc7 10.d4 cxd4 11.Nxd4 Ne6 12.Nde2 Ne5 13.b3 b6 14.h3 Bb7 15.f4 Nd7 
16.Qd2 Rc8 17.Rad1 Nb8 18.Qe1 Qe8 19.Nd5 Nc5 20.Bd4 e5 21.Ba1 Nbd7 22.f5 
Bxd5 23.Rxd5 Qe7 24.Nc3 Nf6 25.Rd1 Bh6 26.Rf3 a6 27.Bb2 b5 28.b4 Na4 29.
Nxa4 bxa4 30.Bf1 Qb7 31.Bd3 Nd7 32.Ba3 a5 33.bxa5 Nc5 34.Bc2 Qa6 35.Qb4 
gxf5 36.Rxf5 Be3+ 37.Kh2 Rb8 38.Qc3 Bd4 39.Rxd4 exd4 40.Rg5+ Kh8 41.Qxd4+ 
f6 42.Rf5 Ne6 43.Qc3 Ng7 44.Rd5 Rbc8 45.Bd3 Ne8 46.Qd4 Rf7 47.Qf2 Qa7 48.
Qf5 Rb8 49.Qf4 Rg7 50.h4 Rbb7 51.c5 dxc5 52.a6 Rb4 53.Bxb4 cxb4 54.Rd8 Qe7
55.Qb8 Rg8 56.a7 Qc7 57.Rxe8 1-0

[Event "2 IECC, Ohrid"]
[Site "Ohrid MKD"]
[Date "2001.06.13"]
[Round "12.81"]
[White "Mikhalevski, Victor"]
[Black "De Vreugt, Dennis"]
[Result "1/2-1/2"]
[WhiteElo "2525"]
[BlackElo "2460"]
[EventDate "2001.06.01"]
[PlyCount "128"]

1.d4 d5 2.c4 c6 3.Nf3 Nf6 4.e3 e6 5.Bd3 Bd6 6.O-O O-O 7.Nc3 Nbd7 8.e4 dxe4
9.Nxe4 Nxe4 10.Bxe4 c5 11.Bc2 Qe7 12.Re1 Rd8 13.dxc5 Bxc5 14.Qe2 Nf8 15.
Be3 Bxe3 16.Qxe3 b6 17.Be4 Bb7 18.Rad1 Rac8 19.b3 Bxe4 20.Qxe4 Qa3 21.Qc2 
Qa5 22.g3 f6 23.Re2 b5 24.Rxd8 Qxd8 25.Qe4 bxc4 26.bxc4 Qc7 27.Rc2 Qc6 28.
Qxc6 Rxc6 29.Nd4 Rc5 30.f4 Kf7 31.Kf2 Nd7 32.Nb3 Rc7 33.Ke3 g6 34.c5 Ke7 
35.Kd4 Nb8 36.Kc4 a6 37.Na5 Nd7 38.c6 Nb6+ 39.Kb4 Rc8 40.Nb7 Nd5+ 41.Kc5 
Rxc6+ 42.Kxc6 Nb4+ 43.Kb6 Nxc2 44.a4 e5 45.Nc5 exf4 46.gxf4 g5 47.fxg5 
fxg5 48.Kxa6 Na3 49.Kb6 g4 50.Ne4 Nc4+ 51.Kc5 Ne5 52.a5 Kd7 53.a6 Kc7 54.
Nd6 Nd7+ 55.Kd5 Kb6 56.Ke6 Nc5+ 57.Kf5 Nxa6 58.Ne4 Kc6 59.Nf6 Kd6 60.Nxh7 
Ke7 61.Ng5 Nc5 62.Kxg4 Kf6 63.h4 Nd3 64.Nf3 Kg6 1/2-1/2

[Event "2 IECC, Ohrid"]
[Site "Ohrid MKD"]
[Date "2001.06.13"]
[Round "12.84"]
[White "Likavsky, Tomas"]
[Black "Kuczynski, Robert"]
[Result "1/2-1/2"]
[WhiteElo "2425"]
[BlackElo "2509"]
[EventDate "2001.06.01"]
[PlyCount "123"]

1.d4 d5 2.c4 c6 3.Nf3 Nf6 4.e3 Bg4 5.h3 Bh5 6.Nc3 e6 7.g4 Bg6 8.Ne5 Nfd7 
9.Nxg6 hxg6 10.Bd2 Be7 11.Qb3 Qb6 12.O-O-O Na6 13.e4 Qxb3 14.axb3 dxe4 15.
Nxe4 Nf6 16.Bg2 Nxe4 17.Bxe4 O-O-O 18.Be3 c5 19.d5 e5 20.g5 Rh4 21.Bf3 e4 
22.Bg4+ Kc7 23.Rhg1 Nb4 24.f3 exf3 25.Rg3 f5 26.gxf6 gxf6 27.Bxf3 Rg8 28.
Bg4 Bd6 29.Rg2 b6 30.Bf5 Be5 31.Rh1 g5 32.Rg4 Rgh8 33.Rxh4 Rxh4 34.Rf1 a5 
35.Bd2 a4 36.bxa4 Rxc4+ 37.Kb1 Nxd5 38.Be6 Kd6 39.b3 Rd4 40.Bxd5 Kxd5 41.
Kc2 Rh4 42.Rf3 Bd4 43.Kd3 Be5 44.Be1 Rd4+ 45.Ke2 Re4+ 46.Kf2 Bd4+ 47.Kf1 
Re3 48.Rxe3 Bxe3 49.Ke2 Ke4 50.b4 c4 51.a5 bxa5 52.bxa5 Ba7 53.a6 Kd5 54.
Kd2 Kc6 55.Kc3 Kb5 56.h4 gxh4 57.Bxh4 f5 58.Bg5 Bf2 59.Bh4 Bb6 60.Bd8 Ba7 
61.Bg5 Bb8 62.Bf4 1/2-1/2

[Event "2 IECC, Ohrid"]
[Site "Ohrid MKD"]
[Date "2001.06.13"]
[Round "12.85"]
[White "Mitkov, Nikola"]
[Black "Colovic, Aleksandar"]
[Result "1-0"]
[WhiteElo "2578"]
[BlackElo "2413"]
[EventDate "2001.06.01"]
[PlyCount "81"]

1.e4 c5 2.Nc3 d6 3.f4 Nc6 4.Nf3 g6 5.Bc4 Bg7 6.O-O e6 7.d3 Nge7 8.Qe1 O-O 
9.f5 d5 10.Bb3 c4 11.dxc4 dxe4 12.f6 exf3 13.fxg7 Kxg7 14.Rxf3 Nf5 15.Ne4 
e5 16.Bd2 Nfd4 17.Rf1 Nxb3 18.axb3 f5 19.Ng5 Kg8 20.Rd1 Bd7 21.h4 Qe8 22.
Bc3 h6 23.Nf3 e4 24.Qd2 Rf7 25.Qxh6 Rh7 26.Qg5 exf3 27.Rd6 Be6 28.Re1 Nd8 
29.gxf3 Qe7 30.Qxg6+ Rg7 31.Qxg7+ Qxg7+ 32.Bxg7 Kxg7 33.Rexe6 Nxe6 34.Rxe6
Kf7 35.Rd6 Ke7 36.Rd5 Rh8 37.Rxf5 Rxh4 38.Rd5 Rh6 39.Kg2 Ra6 40.Rd2 Rg6+ 
41.Kf2 1-0

[Event "2 IECC, Ohrid"]
[Site "Ohrid MKD"]
[Date "2001.06.13"]
[Round "12.87"]
[White "Dervishi, Erald"]
[Black "Kiroski, Toni"]
[Result "1/2-1/2"]
[WhiteElo "2491"]
[BlackElo "2403"]
[EventDate "2001.06.01"]
[PlyCount "45"]

1.e4 c5 2.Nf3 Nc6 3.d4 cxd4 4.Nxd4 g6 5.Nc3 Bg7 6.Be3 Nf6 7.Bc4 O-O 8.Bb3 
a5 9.a4 Ng4 10.Qxg4 Nxd4 11.Qh4 Nxb3 12.cxb3 Bf6 13.Bg5 Bxg5 14.Qxg5 d6 
15.Nd5 f6 16.Qe3 Be6 17.Rc1 Bxd5 18.exd5 b5 19.O-O Rb8 20.Qe6+ Kg7 21.Rc2 
bxa4 22.bxa4 Rb7 23.Rfc1 1/2-1/2

[Event "2 IECC, Ohrid"]
[Site "Ohrid MKD"]
[Date "2001.06.13"]
[Round "12.88"]
[White "Brendel, Oliver"]
[Black "Bogdanovski, Vlatko"]
[Result "1/2-1/2"]
[WhiteElo "2389"]
[BlackElo "2463"]
[EventDate "2001.06.01"]
[PlyCount "127"]

1.e4 Nf6 2.e5 Nd5 3.d4 d6 4.c4 Nb6 5.f4 dxe5 6.fxe5 Nc6 7.Be3 Bf5 8.Nc3 e6
9.Be2 Qd7 10.Nf3 O-O-O 11.h3 f6 12.O-O fxe5 13.Nxe5 Nxe5 14.dxe5 Qxd1 15.
Raxd1 Rxd1 16.Rxd1 Nd7 17.Nb5 a6 18.Nd4 Bc5 19.a3 Re8 20.b4 Bf8 21.Bf4 c5 
22.Nxf5 exf5 23.b5 Nxe5 24.bxa6 bxa6 25.Kf2 Ng6 26.Bh5 Re4 27.Bg5 Rd4 28.
Rxd4 cxd4 29.Bxg6 hxg6 30.a4 Kc7 31.Ke2 Kd6 32.Bf4+ Ke6 33.Kd3 Bc5 34.Bc1 
Ke5 35.Bb2 g5 36.Bc1 Be7 37.Bd2 g6 38.Ba5 Bc5 39.Bc7+ Ke6 40.Bd8 g4 41.
hxg4 Ke5 42.gxf5 gxf5 43.Bc7+ Ke6 44.Bf4 Kf6 45.Bc1 Ke6 46.Bf4 Kf6 47.Bc7 
Ke6 48.a5 Kd7 49.Bb6 Bb4 50.Kxd4 Kd6 51.c5+ Ke6 52.c6 Bd2 53.Bc7 Be1 54.
Bb6 Bd2 55.Kd3 Bf4 56.Bc5 Kd5 57.Bb6 Kxc6 58.Kd4 Kd6 59.Bc5+ Ke6 60.Bb4 
Kd7 61.Kd5 Bc7 62.Bd2 Bd6 63.Bc3 Bc7 64.Bd2 1/2-1/2